Team to Sport Click Quiz - Statistics

General Stats
  • This quiz has been taken 25 times
  • The average score is 30 of 40
Answer Stats
Hint Answer % Correct
Boston Red Sox Baseball
88%
Oklahoma City Thunder Basketball
88%
Cincinnati Reds Baseball
83%
Sacramento Kings Basketball
83%
Phoenix Suns Basketball
83%
Orlando Magic Basketball
83%
Miami Dolphins Football
83%
Denver Broncos Football
83%
Anaheim Ducks Hockey
83%
Kansas City Royals Baseball
79%
Detroit Pistons Basketball
79%
Charlotte Hornets Basketball
79%
New Orleans Pelicans Basketball
79%
Minnesota Vikings Football
79%
San Jose Sharks Hockey
79%
Calgary Flames Hockey
79%
Cleveland Guardians Baseball
75%
Houston Astros Baseball
75%
Washington Wizards Basketball
75%
Memphis Grizzlies Basketball
75%
Los Angeles Chargers Football
75%
Tennessee Titans Football
75%
Philadelphia Flyers Hockey
75%
Ottawa Senators Hockey
75%
New York Islanders Hockey
75%
New Jersey Devils Hockey
75%
Atlanta Braves Baseball
71%
Jacksonville Jaguars Football
71%
Arizona Cardinals Football
71%
Indianapolis Colts Football
71%
Seattle Seahawks Football
71%
Pittsburgh Steelers Football
71%
Carolina Hurricanes Hockey
71%
St. Louis Blues Hockey
71%
Tampa Bay Rays Baseball
67%
Colorado Rockies Baseball
67%
Toronto Raptors Basketball
67%
Milwaukee Brewers Baseball
63%
Buffalo Sabres Hockey
58%
San Francisco Giants Baseball
54%
No matching quizzes found
Score Distribution
Percent of People with Each Score
Percentile by Number Answered
Your Score History
You have not taken this quiz